Statistics for Famous people from sport named Nikola

Click here to take the quiz!

General Stats

  • This quiz has been taken 13 times
  • The average score is 4 of 11

Answer Stats

CountrySportHintAnswer% Correct
SerbiaBasketballDenver Nuggets player, 2-time NBA MVPJokic
100%
SpainBasketballBarcelona player, All-EuroLeague Second Team memberMirotic
46%
MontenegroBasketballChicago Bulls player, 2-time NBA All-StarVucevic
46%
CroatiaFootballFormer player of AC Milan, Atletico Madrid and RomaKalinic
38%
FranceHandballPSG player, one of the best player of all timeKarabatic
31%
CroatiaFootballTorino playerVlasic
31%
SerbiaFootballFormer Valencia, Birmingham and Red Star player, known for his height (202cm)Zigic
31%
SerbiaFootballFiorentina playerMilenkovic
23%
MontenegroBasketballFormer Minnesota Timberwolves playerPekovic
23%
CroatiaTennisWimbledon (2021) and Australian Open (2020) winner in doublesMektic
15%
CroatiaTennis1970 US Open winner in doublesPilic
8%

Score Distribution

Percentile by Number Answered

Percent of People with Each Score

Your Score History

You have not taken this quiz